000 02108nam a22003497a 4500
005 20260427172705.0
008 260427b |||||||| |||| 00| 0 eng d
020 _a9789348530004 (pbk) (खण्ड 1 )
020 _a9789349686137 (pbk) (खण्ड 2)
020 _a9789349686267 (pbk) (खण्ड 4)
020 _a9789371437486 (pbk) (खण्ड 5)
040 _aCRL
_cCRL
041 _2hin
_ahin
084 _aQ1 R5.1-.5 (RR)
_qCRL
100 _aसिंह, प्रेम
_91235469
245 _aवेदों में मानव अधिकार
260 _aपलवल, भारत:
_bचायरेन पब्लिकेशन्स,
_c2025.
300 _aखण्ड 1 (xxxiv, 1-201पृ.)
_a खण्ड 2 (xxiv, 1-338पृ)
_aखण्ड 4 (xxi, 1-186पृ.)
_aखण्ड 5 (xvi, 237पृ.)
365 _bखण्ड 1 - 550.00
_cINR
365 _bखण्ड 2 - 550.00
_cINR
365 _bखण्ड 4 - 550.00
_cINR
365 _bखण्ड 5 - 550.00
_cINR
490 _aखण्ड 1 - वेदों में सामाजिक अधिकार
_aखण्ड 2 - वेदों में राजनीतिक अधिकार
_aखण्ड 4 - वेदों में आर्थिक अधिकार
_aखण्ड 5 - वेदों में शैक्षिणिक अधिकार
650 _aधर्म
650 _aवेद
942 _2CC
_cREF
_hQ1 R5.1-.5 (RR)
_n0
999 _c1848577
_d1848577